| 000 | 02002nam a22002657a 4500 | ||
|---|---|---|---|
| 999 |
_c63128 _d63128 |
||
| 003 | Ge_BSU | ||
| 005 | 20250609171852.0 | ||
| 008 | 250609s2023 ge ||||| |||| 00| 0 geo d | ||
| 020 | _a9789941316524 | ||
| 041 | _ageo | ||
| 080 | _a51(075.8) მ-15 | ||
| 245 |
_aმათემატიკა : მე-2 კლასი : _b მოსწავლის წიგნი. ნაწ. 2 / _cგურამ გოგიშვილი, თეიმურაზ ვეფხვაძე, ია მებონია, ლამარა ქურჩიშვილი; რედაქტორი თეიმურაზ ვეფხვაძე; მხატვარი ნანა მიქაბერიძე; გარეკანის დიზაინერები: გურამ გოგიშვილი, ილია ხელაია. |
||
| 250 | _aპირველი გამოცემა | ||
| 264 |
_aთბილისი : _bინტელექტი, _c2023. |
||
| 300 |
_a112 გვ. : _bილ.; _c28 სმ. |
||
| 500 | _aგრიფმინიჭებულია საქართველოს განათლებისა და მეცნიერების სამინისტროს მიერ 2023 წელს | ||
| 653 | _aმათემატიკა | ||
| 700 |
_aგოგიშვილი, გურამ _eავტორი, გარეკანის დიზაინერი _925330 |
||
| 700 |
_aვეფხვაძე, თეიმურაზ _eავტორი, რედაქტორი _925331 |
||
| 700 |
_aმებონია, ია _eავტორი _925332 |
||
| 700 |
_aქურჩიშვილი, ლამარა _eავტორი _925333 |
||
| 700 |
_aმიქაბერიძე, ნანა _eმხატვარი _925287 |
||
| 700 |
_aხელაია, ილია _eგარეკანის დიზაინერი _925334 |
||
| 942 |
_2udc _cᲬᲘᲒᲜᲘ |
||